El rating de la televisión : el numerito que mueve millones y desencadena pasiones /

Uloženo v:
Podrobná bibliografie
Hlavní autor: Blua, Beatriz (autor)
Další autoři: Guglielmo, Hugo di (prólogo) (prólogo)
Médium: Kniha
Jazyk:španělština
Vydáno: Buenos Aires, Argentina : La Crujía, 2011, c2011
Edice:(Inclusiones. Categorías)
Témata:
Tagy: Přidat tag
Žádné tagy, Buďte první, kdo vytvoří štítek k tomuto záznamu!

MARC

LEADER 00000nam^a2200000^a^4500
001 000328198
005 20250521000000.0
008 080514 20112011
009 20260310113859.05
020 |a 978-987-601-144-0 
037 |a Acervo ITESO - Biblioteca 
041 |a ESP 
082 |a 302. 234011  |b BLU 
100 |a Blua, Beatriz  |e (autor) 
245 1 3 |a El rating de la televisión :  |b el numerito que mueve millones y desencadena pasiones /  |c B. Blua ; pról. de H. di Guglielmo. 
264 4 |a Buenos Aires, Argentina :  |b La Crujía,  |c 2011, c2011 
300 |a 174 p. 
336 |a texto  |b txt  |2 rdacontenido 
337 |a sin mediación  |b n  |2 rdamedio 
338 |a volumen  |b nc  |2 rdasoporte 
440 1 |a (Inclusiones.  |p Categorías) 
649 |a XX 
650 |a Televidentes 
650 |a Público 
650 |a Recepción y Apropiación de la Comunicación 
650 |a Rating -  |x Tema Principal 
650 |a Televisión -  |x Tema Principal 
650 |a Medios Audiovisuales 
650 |a Medios de Comunicación 
650 |a Comunicación Masiva 
700 |a Guglielmo, Hugo di  |e (prólogo) 
910 |a Fondo General 
920 |a Impresos - Libros 
930 |a Colección General 
905 |a 101 
901 |a 0500217432  |b IT1  |c ACC  |i C135301  |u 20250521 
902 |a https://opac.biblio.iteso.mx/vufind/Record/000328198